| 000 | 00000nam 2200000zi 4500 |
| 001 | 9.933919 |
| 003 | CaOODSP |
| 005 | 20240611142740 |
| 006 | m o d f |
| 007 | cr cn||||||||| |
| 008 | 240214e200901##oncd ob f000 0 fre d |
| 040 | |aCaOODSP|bfre|erda|cCaOODSP |
| 043 | |an-cn--- |
| 086 | 1 |aPS84-225/2009F-PDF |
| 100 | 1 |aNafekh, Mark, |eauteur. |
| 245 | 10|aRapport d'évaluation : |binitiative sur les pratiques de tatouage sécuritaires, Service correctionnel du Canada / |cpréparé par : Mark Nafekh. |
| 246 | 10|aInitiative sur les pratiques de tatouage sécuritaires, Service correctionnel du Canada |
| 264 | 1|a[Ottawa] : |bService correctionnel Canada = Correctional Service Canada, |cjanvier 2009. |
| 300 | |a1 ressource en ligne (xii, 75 pages) : |bgraphiques |
| 336 | |atexte|btxt|2rdacontent/fre |
| 337 | |ainformatique|bc|2rdamedia/fre |
| 338 | |aressource en ligne|bcr|2rdacarrier/fre |
| 500 | |aTitre de la couverture. |
| 500 | |aPublié aussi en anglais sous le titre : Evaluation report : Correctional Service Canada's safer tattooing practices pilot initiative. |
| 504 | |aComprend des références bibliographiques (page 75). |
| 520 | |a« Dans le présent rapport, on a formulé des constatations concernant l’évaluation de l’Initiative sur les pratiques de tatouage sécuritaires (IPTS) » -- Sommaire, page iv. |
| 610 | 26|aService correctionnel Canada|xÉvaluation. |
| 650 | 6|aTatouage|xPrisons|zCanada|xÉvaluation. |
| 650 | 6|aTatouage|xPrisons|zCanada|xSécurité|xMesures. |
| 710 | 2 |aService correctionnel Canada, |eorganisme de publication. |
| 775 | 08|tEvaluation report : |w(CaOODSP)9.930165 |
| 856 | 40|qPDF|s2.78 Mo|uhttps://publications.gc.ca/collections/collection_2024/scc-csc/PS84-225-2009-fra.pdf |
| 986 | |a394-2-39 |